| STA | |a MIBE-2025 |
| STA | |a REPO-ECBU |
| FMT | BK |
| LDR | nab 22 i 4500 |
| 001 | 000477124 |
| 005 | 20251028140506.0 |
| 006 | m d |
| 007 | cr nuu---uuuuu |
| 008 | 250917s2025 sp a fs 000 0 eng d |
| 0247 | |a 1053479/40705 |2 doi |
| 040 | |a ES-MaBBE |
| 084 | |a E32 |
| 084 | |a L25 |
| 084 | |a E66 |
| 098 | |a D2 |e Producción y mercado |
| 1001 | |a Fernández-Cerezo, Alejandro |
| 24514 | |a The Banco de España Business Activity Survey |h [Recurso electrónico] : |b 2025 Q3 / |c Alejandro Fernández Cerezo, Mario Izquierdo and Diana Posada. |
| 250 4 | |a 25/09/2025 |
| 300 | |a 08 p. |
| 500 | |a Artículo de revista |
| 506 | |a Acceso público y gratuito a la versión electrónica en Internet |
| 5203 | |a Rationale The Banco de España Business Activity Survey (EBAE) provides highly valuable, real-time information on a broad sample of Spanish firms’ turnover, employment, costs and prices. This is particularly helpful for diagnosing current economic developments. Takeaways •Firms reported that turnover, in seasonally adjusted terms, has increased in 2025 Q3, following a weaker performance in Q2. •Inflationary pressures have remained virtually unchanged in Q3, in terms of both the cost of inputs and selling prices. Those associated with labour costs eased slightly. •Economic policy uncertainty adversely affects business activity. Such impact has decreased slightly in Q3, although it remains high. Labour shortages persist. [Resumen de autor] |9 [eng] |
| 651 4 | |a España |
| 650 4 | |a Empleo |
| 650 4 | |a Precios |
| 650 4 | |a Empresas |
| 65310 | |a Economic outlook |
| 65310 | |a Turnover |
| 65310 | |a Employment |
| 65310 | |a Prices |
| 7001 | |a Izquierdo, Mario |
| 7001 | |a Posada, Diana |
| 7102 | |a Banco de España. |b Dirección General de Economía y Estadística |
| 7730 | |t Economic Bulletin / Banco de España [Artículos] |g 2025/Q3, 07 |x 1695-9086 |
| 85641 | |u https://repositorio.bde.es/handle/123456789/40705 |x 956150b3-5b59-4562-ba23-75fbd88b9a9a |z Ver en el Repositorio Institucional |
| LKR | |a PAR |b 000477120 |l NSB01 |n Versión en español |m Versión en inglés |
| TYP | |a Artículo |
| TYP | |a Recurso electronico |
| TYP | |a EL |b Acceso |
| SYS | 000477124 |
2013 Banco de España, Madrid, España. Reservados todos los derechos
Basado en Ex Libris (© 2009 Ex Libris)